| 000 | 00394 a2200157 4500 | ||
|---|---|---|---|
| 001 | 63956 | ||
| 020 | _a8585701919 (broch.) | ||
| 040 | _cAnchieta - Pituba | ||
| 100 | _aDuarte, Newton | ||
| 240 | 1 | 0 |
_aVigotski e o "aprender a aprender" _lpor |
| 245 | 1 | 0 | _aVigotski e o "aprender a aprender" |
| 300 | _a296p. | ||
| 362 | 0 | _a2000 | |
| 650 | 4 | _aPsicologia educacional / Piaget | |
| 942 | _cBK | ||
| 999 |
_c63956 _d63956 |
||